[Event "Stay Safe Play From Home 130"]
[Site "T#645803Emanuel Laske"]
[Date "2020.05.07"]
[Round "3"]
[White "Mepe_Nika"]
[Black "Onlyforchess"]
[Result "0-1"]
[WhiteElo "2347"]
[BlackElo "2513"]
[Annotator "TA"]
[PlyCount "102"]
[EventDate "2020.05.07"]
[EventType "swiss (blitz)"]

{[%evp 16,102,26,22,21,18,21,0,14,19,18,16,19,14,22,22,24,-23,10,13,19,0,75,0,0,-46,36,38,56,60,235,-152,-139,-243,-254,-292,-227,-387,-341,-319,-297,-304,-87,-68,-94,-162,0,0,131,0,183,172,303,233,443,404,519,300,293,301,264,242,242,211,225,32,34,-118,-107,-183,-180,-139,-68,-68,-61,-68,0,0,0,-217,-98,-89,-85,-59,29982,29983,29982,6103,2696]} 1. d4 c5 2. c3 cxd4 3. cxd4 d5 4. Nc3 Nc6 5. Nf3 Nf6 6. Bf4 Bf5 7. Qb3 Na5 8. Qa4+ Bd7 9. Qc2 e6 $1 {The main line 9...e6 scores better than 9...Rc8. D14: Slav Defence: Exchange variation with ...Bf5.} 10. e3 Rc8 11. a3 {[#]} Nc4 $146 {The position is equal.} ({Predecessor:} 11... b5 12. Ne5 a6 13. Bd3 Bd6 14. Nxf7 Kxf7 15. Bxd6 g6 16. Bc5 Ng4 17. b4 Nc6 {1-0 (40) Torrezani,E (1903)-Carvalho,L (1770) Guarapari 2018}) 12. Bxc4 Rxc4 13. Ne5 Rc8 14. O-O Be7 (14... Nh5 {is interesting.} 15. Qe2 g6 16. Qf3 f6 17. Nxd7 Qxd7 18. e4 dxe4 19. Nxe4 f5) 15. Rfc1 O-O 16. Qd3 Qb6 17. b4 a5 18. b5 Rfd8 (18... Qd8 $11) 19. h3 ({White should try} 19. Nxd7 $16 Nxd7 20. Na4) 19... Be8 $11 20. Rab1 Bxa3 ({Black should play} 20... Nh5 $15 21. Bh2 f6) 21. Na4 $1 $14 {[%csl LRa3,LRb6]} Rxc1+ 22. Rxc1 Qd6 $2 (22... Qxb5 $14 23. Qxa3 Qxa4) 23. Rb1 $2 (23. Ra1 $1 $18 Nh5 24. Qxa3 (24. Rxa3 Nxf4 25. exf4 Bxb5 $16) 24... Nxf4 25. exf4) 23... Qe7 $17 24. Rb3 (24. Bg5 $17) 24... Bb4 $19 25. f3 Nd7 26. e4 $2 (26. Nxd7 Qxd7 27. Qb1) 26... Nxe5 27. Bxe5 dxe4 28. fxe4 Qd7 $2 (28... f6 $19 {and Black stays clearly on top.} 29. Bg3 Qd7 {[%mdl 64] Double Attack}) 29. Qg3 $17 {[%csl Ge5][%cal Rg3g7]} Bf8 $1 30. Nc5 (30. Nb6 $17 Qe7 31. Qc3) 30... Qc8 $2 (30... Qe7 $19 {aiming for ...f6.} 31. Rf3 Kh8) 31. b6 $11 Qc6 (31... a4 $11 {remains equal.} 32. Rf3 h6) 32. Rf3 $40 {[%mdl 128] White has some attack.} (32. Qg5 $16 f6 33. Bxf6) 32... a4 $2 (32... Ra8 $11 {and Black stays safe.}) 33. Qg5 $18 f6 {[#]} ({Don't go for} 33... Qxb6 $2 34. Bxg7 $1 {[%mdl 512]} (34. Nxe6 Qxe6 35. Qxd8 a3 $17) 34... Bxg7 35. Rg3) (33... Rd7 $142) 34. Bxf6 $1 Rd7 $2 (34... h6 35. Qg4 Rd7) 35. Nxd7 {White wants to mate with Bxg7.} Qxd7 36. Be5 {And now Rc3 would win.} a3 37. Qf4 {[%csl Gf3][%cal Rf4f8]} Qf7 {intending ...Qxf4.} 38. Qxf7+ Bxf7 {[%mdl 4096] Endgame KRB-KB} 39. Rf2 Be8 {[#]} 40. Ra2 $2 (40. Rc2 $1 $18) 40... Bc6 $14 41. Kf2 $2 (41. Re2 $14 {keeps the upper hand.}) 41... Bxe4 $17 {Threatens to win with ...Bd5.} 42. Ke3 (42. d5 $17 Bc5+ {[%mdl 64] Double Attack} 43. Ke2) 42... Bd5 $19 {[%mdl 1024] Black has strong compensation.} 43. Ra1 Bb4 (43... Bxg2 $17 44. h4 Bd5) 44. Kd3 $15 a2 45. Kc2 Kf7 (45... Ba3 $1 $15) 46. Kb2 $11 Kg6 47. Rxa2 $2 (47. Rf1 $1 $11 {and White has nothing to worry.}) 47... Bxa2 $19 48. Kxa2 Kf5 49. Kb3 g6 $2 {[%mdl 8192]} (49... Bf8 $15) 50. Kxb4 Ke4 51. Kb5 (51. Kc5 $142 Kf5 52. Kd6 g5 53. Kc7 h6 54. Kxb7 Ke4 55. Kc6 Ke3 56. b7) 51... Kd5 {[%mdl 32768] Quite a comeback for White. Accuracy: White = 47%, Black = 47%. . Sensor Board Error (Ke4/e5)?} 0-1

[Event "Stay Safe Play From Home 130"]
[Site "T#645803Emanuel Laske"]
[Date "2020.05.07"]
[Round "3"]
[White "Indianquant"]
[Black "Kubas"]
[Result "0-1"]
[WhiteElo "2323"]
[BlackElo "2424"]
[Annotator "TA"]
[PlyCount "70"]
[EventDate "2020.05.07"]
[EventType "swiss (blitz)"]

{[%evp 23,70,0,0,0,0,0,0,-45,-27,-42,-12,-12,0,0,0,0,0,-25,-7,-6,-7,0,0,-21,0,-41,0,-41,-5,-173,-175,-168,-179,-169,-125,-146,0,-166,-166,-182,-168,-176,-124,-347,-345,-618,-596,-29983,-29985]} 1. Nf3 d5 2. d4 Nf6 3. c4 e6 4. Nc3 Be7 5. Bg5 h6 6. Bh4 O-O 7. e3 Ne4 8. Bxe7 Qxe7 9. Rc1 c6 10. Bd3 Nxc3 11. Rxc3 dxc4 12. Rxc4 Nd7 {[%cal Bb8d7,Bd7b6,Bb6d5,Bd5f4][%mdl 32]} 13. Qc2 {D56: Queen's Gambit Declined: Lasker Defence.} e5 14. O-O exd4 15. exd4 {[#] The position is equal.} Nb6 $146 ({Predecessor:} 15... Nf6 16. Rc5 Nd5 17. a3 Be6 18. b4 Rfd8 19. Re1 Qf6 20. Bh7+ Kh8 21. Be4 Nc7 {½-½ (51) Pinter,J (2580)-Sturua,Z (2545) Manila 1992}) 16. Rc5 Be6 17. Re5 Qf6 18. Rfe1 Rfd8 19. R5e4 Nd5 ({Wrong is} 19... Bxa2 $2 20. b3 $18) 20. a3 Bf5 21. Re5 Bxd3 22. Qxd3 Nf4 $36 {[%mdl 2048] Black is pushing.} 23. Qe4 {[#] Black must now prevent Rf5.} (23. Qb3 {seems wilder.} Rab8 24. g3 Nd5 25. Kg2 Qg6 26. Kg1) 23... Ne6 (23... Ng6 {feels hotter.} 24. Rf5 Qd6 25. h4 Qd7 26. Ra5 Re8) 24. h3 Rd7 25. g4 Rad8 {[%cal Re6d4]} 26. Rxe6 $2 (26. Rf5 $11 {and White stays safe.} Qe7 27. h4) 26... Qxe6 $19 27. Qxe6 fxe6 28. Rxe6 $11 {[%mdl 4096] Endgame KRR-KRN} Rd6 29. Re7 R6d7 30. Re6 $1 Kf7 31. Re4 {Threatening Ne5+.} Re7 32. Ne5+ Ke8 (32... Kf6 $19 33. b4 g5) 33. Rf4 $2 {[#]} (33. f4 $17 {was called for.}) 33... c5 $1 $19 {[%mdl 512]} 34. dxc5 $2 (34. Rf3) 34... Rxe5 35. Re4 Rxe4 {Accuracy: White = 46%, Black = 75%.} 0-1

[Event "Stay Safe Play From Home 130"]
[Site "T#645803Emanuel Laske"]
[Date "2020.05.07"]
[Round "3"]
[White "Lamborghini"]
[Black "SoulofWolf"]
[Result "1/2-1/2"]
[WhiteElo "2308"]
[BlackElo "2186"]
[Annotator "NA RC"]
[PlyCount "136"]
[EventDate "2020.05.07"]
[EventType "swiss (blitz)"]

1. e4 {[%emt 0:00:02]} d5 {[%emt 0:00:00]} 2. exd5 {[%emt 0:00:01]} Nf6 {[%emt 0:00:00]} 3. Nf3 {[%emt 0:00:02]} Nxd5 {[%emt 0:00:02]} 4. d4 {[%emt 0:00:01]} Nf6 {[%emt 0:00:00]} 5. g3 {[%emt 0:00:01]} g6 {[%emt 0:00:00]} 6. Bg2 {[%emt 0:00:01]} Bg7 {[%emt 0:00:00]} 7. O-O {[%emt 0:00:01]} O-O {[%emt 0:00:00]} 8. c3 {[%emt 0:00:01]} c6 {[%emt 0:00:00]} 9. Re1 {[%emt 0:00:01]} Na6 {[%emt 0:00:00]} 10. h3 {[%emt 0:00:01]} Nc7 {[%emt 0:00:00]} 11. Nbd2 {[%emt 0:00:01]} Bf5 {[%emt 0:00:01]} 12. Nc4 {[%emt 0:00:01]} h5 {[%emt 0:00:01]} 13. Nce5 {[%emt 0:00:01]} Rc8 {[%emt 0:00:03]} 14. Bf4 {[%emt 0:00:02]} Ncd5 {[%emt 0:00:01]} 15. Bd2 {[%emt 0:00:01]} Qb6 {[%emt 0:00:02]} 16. Qb3 {[%emt 0:00:01]} Qxb3 {[%emt 0:00:01]} 17. axb3 {[%emt 0:00:01]} a6 {[%emt 0:00:00]} 18. Bg5 {[%emt 0:00:03]} Nh7 {[%emt 0:00:03]} 19. Bd2 {[%emt 0:00:02]} Nhf6 {[%emt 0:00:00]} 20. Ng5 {[%emt 0:00:01]} Nh7 {[%emt 0:00:05]} 21. Ne4 {[%emt 0:00:02]} Nhf6 {[%emt 0:00:01]} 22. Nc5 {[%emt 0:00:01]} Rfd8 {[%emt 0:00:03]} 23. Nxb7 {[%emt 0:00:01]} Re8 {[%emt 0:00:01]} 24. Nc5 {[%emt 0:00:01]} Red8 {[%emt 0:00:00]} 25. Rxa6 {[%emt 0:00:02]} Rd6 {[%emt 0:00:02]} 26. c4 {[%emt 0:00:03]} Nc7 {[%emt 0:00:03]} 27. Rxc6 {[%emt 0:00:01]} Rxc6 {[%emt 0:00:01]} 28. Nxc6 {[%emt 0:00:01]} Bf8 {[%emt 0:00:05]} 29. d5 {[%emt 0:00:01]} e6 {[%emt 0:00:02]} 30. Bc3 {[%emt 0:00:01]} Ne4 {[%emt 0:00:02]} 31. Nxe4 {[%emt 0:00:01]} exd5 {[%emt 0:00:01]} 32. Nf6+ {[%emt 0:00:01]} Kg7 {[%emt 0:00:00]} 33. Nxd5+ {[%emt 0:00:01]} Kh6 {[%emt 0:00:00]} 34. Nxc7 {[%emt 0:00:01]} Rxc7 {[%emt 0:00:00]} 35. Nd4 {[%emt 0:00:01]} Bd7 {[%emt 0:00:02]} 36. Bd2+ {[%emt 0:00:01]} Kg7 {[%emt 0:00:01]} 37. Bc3 {[%emt 0:00:01]} Kh6 {[%emt 0:00:01]} 38. Nf3 {[%emt 0:00:01]} Bc5 {[%emt 0:00:01]} 39. Ne5 {[%emt 0:00:01]} Be6 {[%emt 0:00:01]} 40. Bd2+ {[%emt 0:00:01]} Kg7 {[%emt 0:00:01]} 41. Be3 {[%emt 0:00:00]} Bd6 {[%emt 0:00:01]} 42. Bd4 {[%emt 0:00:01]} f6 {[%emt 0:00:01]} 43. Nf3 {[%emt 0:00:01]} Kf7 {[%emt 0:00:00]} 44. Nd2 {[%emt 0:00:02]} Bb4 {[%emt 0:00:00]} 45. Re2 {[%emt 0:00:02]} Rd7 {[%emt 0:00:00]} 46. Bc3 {[%emt 0:00:01]} Bc5 {[%emt 0:00:01]} 47. Ne4 {[%emt 0:00:01]} Bg4 {[%emt 0:00:01]} 48. Kh2 {[%emt 0:00:00]} Bxe2 {[%emt 0:00:01]} 49. f4 {[%emt 0:00:01]} Rc7 {[%emt 0:00:00]} 50. Nxc5 {[%emt 0:00:01]} Rxc5 {[%emt 0:00:00]} 51. Bd5+ {[%emt 0:00:01]} Ke7 {[%emt 0:00:01]} 52. Bd4 {[%emt 0:00:00]} Bxc4 {[%emt 0:00:00]} 53. Bxc5+ {[%emt 0:00:01]} Kd7 {[%emt 0:00:01]} 54. bxc4 {[%emt 0:00:00]} g5 {[%emt 0:00:00]} 55. Bd4 {[%emt 0:00:00]} g4 {[%emt 0:00:00]} 56. Bxf6 {[%emt 0:00:00]} gxh3 {[%emt 0:00:00]} 57. Kxh3 {[%emt 0:00:01]} Kd6 {[%emt 0:00:00]} 58. Kh4 {[%emt 0:00:00]} Kc5 {[%emt 0:00:00]} 59. Kxh5 {[%emt 0:00:00]} Kd6 {[%emt 0:00:00]} 60. Kg6 {[%emt 0:00:00]} Kc5 {[%emt 0:00:00]} 61. Bg5 {[%emt 0:00:00]} Kd6 {[%emt 0:00:00]} 62. f5 {[%emt 0:00:00]} Kc5 {[%emt 0:00:00]} 63. f6 {[%emt 0:00:00]} Kd6 {[%emt 0:00:00]} 64. f7 {[%emt 0:00:00]} Kc5 {[%emt 0:00:00]} 65. f8=Q+ {[%emt 0:00:00]} Kd4 {[%emt 0:00:00]} 66. Qf4+ {[%emt 0:00:01]} Kd3 {[%emt 0:00:00]} 67. Qd6 {[%emt 0:00:00]} Kc2 {[%emt 0:00:00]} 68. c5 {[%emt 0:00:01]} Kb1 {[%emt 0:00:00] Zeit (Lag: Av=0.27s, max=1.0s) .} 1/2-1/2

[Event "Stay Safe Play From Home 130"]
[Site "T#645803Emanuel Laske"]
[Date "2020.05.07"]
[Round "3"]
[White "Shatarchin7"]
[Black "matanant"]
[Result "1-0"]
[WhiteElo "2170"]
[BlackElo "1641"]
[Annotator "NA"]
[PlyCount "55"]
[EventDate "2020.05.07"]
[EventType "swiss (blitz)"]

1. Nf3 {[%emt 0:00:01]} e6 {[%emt 0:00:01]} 2. e3 {[%emt 0:00:01]} d5 {[%emt 0:00:00]} 3. d4 {[%emt 0:00:01]} c5 {[%emt 0:00:00]} 4. Bd3 {[%emt 0:00:01]} Nc6 {[%emt 0:00:01]} 5. O-O {[%emt 0:00:01]} c4 {[%emt 0:00:01]} 6. Be2 {[%emt 0:00:01]} Nf6 {[%emt 0:00:00]} 7. b3 {[%emt 0:00:00]} cxb3 {[%emt 0:00:04]} 8. axb3 {[%emt 0:00:01]} Bd6 {[%emt 0:00:00]} 9. c4 {[%emt 0:00:01]} O-O {[%emt 0:00:02]} 10. Bb2 {[%emt 0:00:01]} Ne4 {[%emt 0:00:02]} 11. Nbd2 {[%emt 0:00:01]} Nxd2 {[%emt 0:00:02]} 12. Qxd2 {[%emt 0:00:00]} Bb4 {[%emt 0:00:03]} 13. Qc2 {[%emt 0:00:01]} a5 {[%emt 0:00:02]} 14. Bd3 {[%emt 0:00:01]} g6 {[%emt 0:00:02]} 15. Ne5 {[%emt 0:00:01]} Nxe5 {[%emt 0:00:02]} 16. dxe5 {[%emt 0:00:00]} b6 {[%emt 0:00:04]} 17. cxd5 {[%emt 0:00:02]} exd5 {[%emt 0:00:01]} 18. Bd4 {[%emt 0:00:01]} Ba6 {[%emt 0:00:08]} 19. Bxa6 {[%emt 0:00:02]} Rxa6 {[%emt 0:00:02]} 20. Qd3 {[%emt 0:00:02]} Qa8 {[%emt 0:00:05]} 21. Rfc1 {[%emt 0:00:01]} Rc8 {[%emt 0:00:02]} 22. h3 {[%emt 0:00:01]} Rxc1+ {[%emt 0:00:03]} 23. Rxc1 {[%emt 0:00:00]} Qb7 {[%emt 0:00:01]} 24. Qb5 {[%emt 0:00:02]} Ra8 {[%emt 0:00:02]} 25. Rc6 {[%emt 0:00:01]} Rc8 {[%emt 0:00:06]} 26. Rxb6 {[%emt 0:00:01]} Qc7 {[%emt 0:00:02]} 27. g3 {[%emt 0:00:05]} Qc1+ {[%emt 0:00:03]} 28. Kg2 {[%emt 0:00:01] Time (Lag: Av=0.72s, max=1.1s)} 1-0

[Event "Stay Safe Play From Home 130"]
[Site "T#645803Emanuel Laske"]
[Date "2020.05.07"]
[Round "3"]
[White "Chessencounter"]
[Black "rohit2007"]
[Result "0-1"]
[WhiteElo "2109"]
[BlackElo "2168"]
[Annotator "NA"]
[PlyCount "70"]
[EventDate "2020.05.07"]
[EventType "swiss (blitz)"]

1. Nf3 {[%emt 0:00:01]} c5 {[%emt 0:00:01]} 2. b3 {[%emt 0:00:01]} d5 {[%emt 0:00:01]} 3. Bb2 {[%emt 0:00:00]} d4 {[%emt 0:00:00]} 4. d3 {[%emt 0:00:00]} Nc6 {[%emt 0:00:02]} 5. Nbd2 {[%emt 0:00:01]} e5 {[%emt 0:00:01]} 6. e4 {[%emt 0:00:01]} Nf6 {[%emt 0:00:00]} 7. g3 {[%emt 0:00:01]} Bd6 {[%emt 0:00:02]} 8. Bg2 {[%emt 0:00:00]} O-O {[%emt 0:00:00]} 9. Nc4 {[%emt 0:00:00]} b5 {[%emt 0:00:01]} 10. Ncd2 {[%emt 0:00:01]} Be6 {[%emt 0:00:03]} 11. O-O {[%emt 0:00:01]} Rb8 {[%emt 0:00:02]} 12. Nh4 {[%emt 0:00:01]} h6 {[%emt 0:00:01]} 13. f4 {[%emt 0:00:01]} exf4 {[%emt 0:00:02]} 14. gxf4 {[%emt 0:00:00]} Ng4 {[%emt 0:00:01]} 15. Qe1 {[%emt 0:00:06]} Ne3 {[%emt 0:00:01]} 16. f5 {[%emt 0:00:02]} Nxf1 {[%emt 0:00:02]} 17. Nxf1 {[%emt 0:00:01]} Bd7 {[%emt 0:00:01]} 18. Ng3 {[%emt 0:00:01]} Bf4 {[%emt 0:00:01]} 19. Nf3 {[%emt 0:00:01]} Ne5 {[%emt 0:00:01]} 20. Nh5 {[%emt 0:00:01]} Nxf3+ {[%emt 0:00:02]} 21. Bxf3 {[%emt 0:00:00]} Qg5+ {[%emt 0:00:00]} 22. Kh1 {[%emt 0:00:01]} Be3 {[%emt 0:00:00]} 23. Qe2 {[%emt 0:00:01]} Bxf5 {[%emt 0:00:01]} 24. exf5 {[%emt 0:00:01]} Qxf5 {[%emt 0:00:00]} 25. Bc1 {[%emt 0:00:01]} Rbe8 {[%emt 0:00:04]} 26. Bxe3 {[%emt 0:00:01]} Rxe3 {[%emt 0:00:00]} 27. Qg2 {[%emt 0:00:01]} Qxf3 {[%emt 0:00:00]} 28. Rg1 {[%emt 0:00:02]} Qxg2+ {[%emt 0:00:01]} 29. Rxg2 {[%emt 0:00:00]} Re1+ {[%emt 0:00:01]} 30. Rg1 {[%emt 0:00:01]} Rxg1+ {[%emt 0:00:00]} 31. Kxg1 {[%emt 0:00:00]} f5 {[%emt 0:00:01]} 32. Nf4 {[%emt 0:00:01]} Re8 {[%emt 0:00:01]} 33. Kf2 {[%emt 0:00:01]} g5 {[%emt 0:00:00]} 34. Ng6 {[%emt 0:00:01]} Kf7 {[%emt 0:00:00]} 35. Ne5+ {[%emt 0:00:00]} Rxe5 {[%emt 0:00:01] Chessencounter resigns (Lag: Av=0.80s, max=1.4s)} 0-1

[Event "Stay Safe Play From Home 130"]
[Site "T#645803Emanuel Laske"]
[Date "2020.05.07"]
[Round "3"]
[White "CastlingArrocco"]
[Black "Little champs"]
[Result "0-1"]
[WhiteElo "2020"]
[BlackElo "2190"]
[Annotator "NA"]
[PlyCount "52"]
[EventDate "2020.05.07"]
[EventType "swiss (blitz)"]

1. Nc3 {[%emt 0:00:01]} e6 {[%emt 0:00:00]} 2. e4 {[%emt 0:00:00]} d5 {[%emt 0:00:00]} 3. Nf3 {[%emt 0:00:00]} dxe4 {[%emt 0:00:01]} 4. Nxe4 {[%emt 0:00:00]} Nf6 {[%emt 0:00:01]} 5. Ng3 {[%emt 0:00:00]} Be7 {[%emt 0:00:01]} 6. d4 {[%emt 0:00:00]} O-O {[%emt 0:00:00]} 7. c3 {[%emt 0:00:01]} b6 {[%emt 0:00:00]} 8. Bd3 {[%emt 0:00:01]} Bb7 {[%emt 0:00:00]} 9. Qe2 {[%emt 0:00:00]} Nbd7 {[%emt 0:00:01]} 10. Ne4 {[%emt 0:00:01]} c5 {[%emt 0:00:01]} 11. Nxf6+ {[%emt 0:00:01]} Nxf6 {[%emt 0:00:01]} 12. Ne5 {[%emt 0:00:01]} Qd5 {[%emt 0:00:02]} 13. f3 {[%emt 0:00:03]} cxd4 {[%emt 0:00:01]} 14. Bc4 {[%emt 0:00:02]} Qc5 {[%emt 0:00:01]} 15. cxd4 {[%emt 0:00:04]} Qxd4 {[%emt 0:00:01]} 16. Be3 {[%emt 0:00:00]} Qxe5 {[%emt 0:00:02]} 17. O-O {[%emt 0:00:01]} Bc5 {[%emt 0:00:01]} 18. Rae1 {[%emt 0:00:03]} Bxe3+ {[%emt 0:00:01]} 19. Qxe3 {[%emt 0:00:00]} Qxe3+ {[%emt 0:00:00]} 20. Rxe3 {[%emt 0:00:00]} Rfd8 {[%emt 0:00:00]} 21. Rb3 {[%emt 0:00:01]} Rd4 {[%emt 0:00:01]} 22. Bb5 {[%emt 0:00:01]} Rad8 {[%emt 0:00:01]} 23. a4 {[%emt 0:00:01]} Rd1 {[%emt 0:00:01]} 24. Kf2 {[%emt 0:00:02]} Rxf1+ {[%emt 0:00:01]} 25. Kxf1 {[%emt 0:00:00]} Bd5 {[%emt 0:00:02]} 26. Kf2 {[%emt 0:00:00]} Bxb3 {[%emt 0:00:01] CastlingArrocco abbandona (Lag: Av=0.50s, max=0.7s)} 0-1

[Event "Stay Safe Play From Home 130"]
[Site "T#645803Emanuel Laske"]
[Date "2020.05.07"]
[Round "3"]
[White "SecantFX"]
[Black "EL sanbary"]
[Result "0-1"]
[WhiteElo "1890"]
[BlackElo "1965"]
[Annotator "NA"]
[PlyCount "128"]
[EventDate "2020.05.07"]
[EventType "swiss (blitz)"]

1. g3 {[%emt 0:00:02]} c5 {[%emt 0:00:01]} 2. Bg2 {[%emt 0:00:00]} g6 {[%emt 0:00:01]} 3. f4 {[%emt 0:00:00]} Bh6 {[%emt 0:00:01]} 4. c3 {[%emt 0:00:00]} Bg7 {[%emt 0:00:01]} 5. Nf3 {[%emt 0:00:00]} Nc6 {[%emt 0:00:00]} 6. d3 {[%emt 0:00:00]} d6 {[%emt 0:00:00]} 7. O-O {[%emt 0:00:01]} e5 {[%emt 0:00:00]} 8. Re1 {[%emt 0:00:00]} Nge7 {[%emt 0:00:01]} 9. fxe5 {[%emt 0:00:01]} Nxe5 {[%emt 0:00:01]} 10. e4 {[%emt 0:00:00]} O-O {[%emt 0:00:02]} 11. Nxe5 {[%emt 0:00:01]} dxe5 {[%emt 0:00:01]} 12. Qe2 {[%emt 0:00:04]} Be6 {[%emt 0:00:01]} 13. Be3 {[%emt 0:00:01]} b6 {[%emt 0:00:01]} 14. Nd2 {[%emt 0:00:01]} Qd7 {[%emt 0:00:01]} 15. a3 {[%emt 0:00:00]} Rad8 {[%emt 0:00:00]} 16. d4 {[%emt 0:00:01]} exd4 {[%emt 0:00:01]} 17. cxd4 {[%emt 0:00:00]} cxd4 {[%emt 0:00:01]} 18. Bf2 {[%emt 0:00:01]} d3 {[%emt 0:00:01]} 19. Qf1 {[%emt 0:00:01]} Bxb2 {[%emt 0:00:01]} 20. Rab1 {[%emt 0:00:01]} Bc3 {[%emt 0:00:01]} 21. Rbd1 {[%emt 0:00:01]} Qd6 {[%emt 0:00:03]} 22. Re3 {[%emt 0:00:01]} Qxa3 {[%emt 0:00:03]} 23. Nb1 {[%emt 0:00:02]} Qb3 {[%emt 0:00:02]} 24. Rexd3 {[%emt 0:00:00]} Rxd3 {[%emt 0:00:02]} 25. Qxd3 {[%emt 0:00:01]} Rc8 {[%emt 0:00:02]} 26. Bf1 {[%emt 0:00:05]} Bf6 {[%emt 0:00:02]} 27. Qxb3 {[%emt 0:00:04]} Bxb3 {[%emt 0:00:00]} 28. Re1 {[%emt 0:00:01]} Rc2 {[%emt 0:00:02]} 29. Na3 {[%emt 0:00:01]} Ra2 {[%emt 0:00:02]} 30. Nc4 {[%emt 0:00:01]} Bxc4 {[%emt 0:00:02]} 31. Bxc4 {[%emt 0:00:00]} Rc2 {[%emt 0:00:01]} 32. Bd3 {[%emt 0:00:01]} Rd2 {[%emt 0:00:01]} 33. Bf1 {[%emt 0:00:02]} Bd4 {[%emt 0:00:01]} 34. Re2 {[%emt 0:00:00]} Bxf2+ {[%emt 0:00:02]} 35. Kxf2 {[%emt 0:00:00]} Rxe2+ {[%emt 0:00:00]} 36. Bxe2 {[%emt 0:00:01]} Kf8 {[%emt 0:00:01]} 37. Ke3 {[%emt 0:00:01]} Ke8 {[%emt 0:00:00]} 38. Kd4 {[%emt 0:00:01]} Kd7 {[%emt 0:00:00]} 39. Ke5 {[%emt 0:00:01]} a5 {[%emt 0:00:01]} 40. Kf6 {[%emt 0:00:01]} Ke8 {[%emt 0:00:01]} 41. Bc4 {[%emt 0:00:01]} Ng8+ {[%emt 0:00:01]} 42. Kg7 {[%emt 0:00:01]} Ne7 {[%emt 0:00:01]} 43. Bxf7+ {[%emt 0:00:01]} Kd8 {[%emt 0:00:01]} 44. Kxh7 {[%emt 0:00:01]} a4 {[%emt 0:00:03]} 45. Bxg6 {[%emt 0:00:01]} Nxg6 {[%emt 0:00:01]} 46. Kxg6 {[%emt 0:00:01]} Ke7 {[%emt 0:00:01]} 47. h4 {[%emt 0:00:02]} a3 {[%emt 0:00:00]} 48. h5 {[%emt 0:00:00]} a2 {[%emt 0:00:00]} 49. h6 {[%emt 0:00:00]} a1=Q {[%emt 0:00:00]} 50. h7 {[%emt 0:00:01]} Qh8 {[%emt 0:00:00]} 51. g4 {[%emt 0:00:01]} b5 {[%emt 0:00:00]} 52. g5 {[%emt 0:00:00]} b4 {[%emt 0:00:00]} 53. Kh6 {[%emt 0:00:00]} b3 {[%emt 0:00:00]} 54. g6 {[%emt 0:00:00]} Kf6 {[%emt 0:00:01]} 55. g7 {[%emt 0:00:00]} Qxg7+ {[%emt 0:00:00]} 56. Kh5 {[%emt 0:00:01]} Qxh7+ {[%emt 0:00:00]} 57. Kg4 {[%emt 0:00:00]} Qg7+ {[%emt 0:00:00]} 58. Kf4 {[%emt 0:00:00]} Qg5+ {[%emt 0:00:00]} 59. Kf3 {[%emt 0:00:01]} b2 {[%emt 0:00:00]} 60. e5+ {[%emt 0:00:01]} Kxe5 {[%emt 0:00:01]} 61. Ke2 {[%emt 0:00:01]} b1=Q {[%emt 0:00:00]} 62. Kf3 {[%emt 0:00:00]} Qb3+ {[%emt 0:00:00]} 63. Kf2 {[%emt 0:00:01]} Qd2+ {[%emt 0:00:01]} 64. Kf1 {[%emt 0:00:00]} Qb1# {[%emt 0:00:01] (Lag: Av=0.65s, max=10.0s)} 0-1

[Event "Stay Safe Play From Home 130"]
[Site "T#645803Emanuel Laske"]
[Date "2020.05.07"]
[Round "3"]
[White "Mamutones"]
[Black "Haxhi Baha"]
[Result "0-1"]
[WhiteElo "1814"]
[BlackElo "2048"]
[Annotator "NA"]
[PlyCount "44"]
[EventDate "2020.05.07"]
[EventType "swiss (blitz)"]

1. e4 {[%emt 0:00:01]} e6 {[%emt 0:00:01]} 2. Qe2 {[%emt 0:00:01]} d5 {[%emt 0:00:00]} 3. exd5 {[%emt 0:00:01]} Qxd5 {[%emt 0:00:00]} 4. Nc3 {[%emt 0:00:00]} Qd8 {[%emt 0:00:00]} 5. Nf3 {[%emt 0:00:00]} Nf6 {[%emt 0:00:00]} 6. d4 {[%emt 0:00:00]} b6 {[%emt 0:00:01]} 7. Bg5 {[%emt 0:00:01]} Bb7 {[%emt 0:00:01]} 8. O-O-O {[%emt 0:00:01]} Be7 {[%emt 0:00:01]} 9. Ne5 {[%emt 0:00:01]} O-O {[%emt 0:00:02]} 10. f4 {[%emt 0:00:00]} Nbd7 {[%emt 0:00:01]} 11. Rg1 {[%emt 0:00:01]} h6 {[%emt 0:00:01]} 12. Bh4 {[%emt 0:00:02]} Nd5 {[%emt 0:00:02]} 13. Bxe7 {[%emt 0:00:01]} Qxe7 {[%emt 0:00:00]} 14. Nxd5 {[%emt 0:00:01]} Bxd5 {[%emt 0:00:01]} 15. c4 {[%emt 0:00:01]} Bb7 {[%emt 0:00:02]} 16. g4 {[%emt 0:00:00]} Nxe5 {[%emt 0:00:02]} 17. dxe5 {[%emt 0:00:03]} Rfd8 {[%emt 0:00:01]} 18. g5 {[%emt 0:00:01]} Qc5 {[%emt 0:00:02]} 19. gxh6 {[%emt 0:00:03]} Rxd1+ {[%emt 0:00:05]} 20. Kxd1 {[%emt 0:00:02]} Qxg1 {[%emt 0:00:01]} 21. hxg7 {[%emt 0:00:05]} Rd8+ {[%emt 0:00:01]} 22. Ke1 {[%emt 0:00:03]} Qd4 {[%emt 0:00:03] Mamutones abbandona (Lag: Av=1.10s, max=1.9s)} 0-1

[Event "Stay Safe Play From Home 130"]
[Site "T#645803Emanuel Laske"]
[Date "2020.05.07"]
[Round "3"]
[White "NagaRam"]
[Black "Lazieri3"]
[Result "0-1"]
[WhiteElo "1472"]
[BlackElo "2032"]
[Annotator "NA"]
[PlyCount "60"]
[EventDate "2020.05.07"]
[EventType "swiss (blitz)"]

1. e4 {[%emt 0:00:01]} c6 {[%emt 0:00:00]} 2. Nf3 {[%emt 0:00:01]} d5 {[%emt 0:00:00]} 3. exd5 {[%emt 0:00:01]} cxd5 {[%emt 0:00:00]} 4. d4 {[%emt 0:00:00]} Nc6 {[%emt 0:00:00]} 5. c4 {[%emt 0:00:00]} Nf6 {[%emt 0:00:00]} 6. Nc3 {[%emt 0:00:01]} Bf5 {[%emt 0:00:01]} 7. Bg5 {[%emt 0:00:01]} e6 {[%emt 0:00:01]} 8. Be2 {[%emt 0:00:02]} Be7 {[%emt 0:00:02]} 9. O-O {[%emt 0:00:04]} dxc4 {[%emt 0:00:01]} 10. Bxc4 {[%emt 0:00:02]} O-O {[%emt 0:00:01]} 11. Bb5 {[%emt 0:00:01]} h6 {[%emt 0:00:02]} 12. Bxf6 {[%emt 0:00:02]} Bxf6 {[%emt 0:00:00]} 13. Bxc6 {[%emt 0:00:00]} bxc6 {[%emt 0:00:01]} 14. Ne5 {[%emt 0:00:00]} c5 {[%emt 0:00:04]} 15. Nf3 {[%emt 0:00:04]} cxd4 {[%emt 0:00:03]} 16. Nb5 {[%emt 0:00:00]} d3 {[%emt 0:00:03]} 17. Re1 {[%emt 0:00:03]} Bxb2 {[%emt 0:00:02]} 18. Rb1 {[%emt 0:00:00]} Bf6 {[%emt 0:00:04]} 19. Ne5 {[%emt 0:00:01]} d2 {[%emt 0:00:04]} 20. Re2 {[%emt 0:00:03]} Bxb1 {[%emt 0:00:02]} 21. Rxd2 {[%emt 0:00:02]} Qa5 {[%emt 0:00:05]} 22. Nc6 {[%emt 0:00:05]} Qxb5 {[%emt 0:00:03]} 23. Ne7+ {[%emt 0:00:00]} Bxe7 {[%emt 0:00:01]} 24. Rd7 {[%emt 0:00:01]} Rfd8 {[%emt 0:00:03]} 25. Rxd8+ {[%emt 0:00:02]} Rxd8 {[%emt 0:00:01]} 26. Qf1 {[%emt 0:00:01]} Qxf1+ {[%emt 0:00:03]} 27. Kxf1 {[%emt 0:00:00]} Bd3+ {[%emt 0:00:01]} 28. Ke1 {[%emt 0:00:02]} Bb4+ {[%emt 0:00:02]} 29. Kd1 {[%emt 0:00:02]} Bc3 {[%emt 0:00:01]} 30. Kc1 {[%emt 0:00:00]} Rb8 {[%emt 0:00:00] NagaRam resigns (Lag: Av=0.78s, max=1.5s)} 0-1